000 02040nam0a2200361 i 4500
001 RU\NLR\BIBL_A\010361761
005 20260406083511.0
010 _a9785997806521
_980
021 _aRU
_b2014-56994
_93445
035 _a(NLR Aleph) 010361761
090 _a9579225
_c9579225
100 _a20140528d2014 km y0rusy50 ca
101 0 _arus
102 _aRU
105 _aa|||z|||000yy
135 _acrbn 001aacua
200 1 _aРешение проблемы "сверхпроводимости" электрического тока и сверхдиамагнетизма
_fВ.К. Федюкин
_gМ-во образования и науки Рос. Федерации, Федер. гос. бюджет. образоват. учреждение высш. проф. образования "С.-Петерб. гос. экон. ун-т", Каф. упр. качеством и машиноведения
205 _a2-е изд., испр. и доп.
210 _aСанкт-Петербург
_cИзд-во Санкт-Петербургского государственного экономического университета
_d2014
215 _a226 с.
_cил.
_d20
313 _aПо пред. изд.
320 _aБиблиогр.: с. 216-224 (138 назв.)
325 _aКопия доступна в Электрон. б-ке РНБ
606 1 _aСверхпроводимость
_xФилософские вопросы
_92606989
_3RU\NLR\AUTH\661543547
686 1 _aВ332.21в
700 1 _7ca
_8rus
_aФедюкин
_bВ. К.
_f1937-
_gВениамин Константинович
_933248
_3RU\NLR\AUTH\7750313
942 _cBOOK
980 _aNBR
981 1 3 _a(13) Документы, защищенные авторским правом
_b(13) Современная научная, научно-популярная и популярная л